Digitálny podnik 2010 : Medzinárodný workshop

Saved in:
Bibliographic Details
Format: Book
Published: Žilina : Slovenské centrum produktivity, 2010
Tags: Add Tag
No Tags, Be the first to tag this record!

MARC

LEADER 00000nam a22000003a 4500
001 stu207255
005 20150408164046.4
008 100712s2010----xo----------------------d
020 |a 978-80-89333-18-9 
040 |a STU  |b slo 
041 0
044 |a xo 
245 |a Digitálny podnik 2010 :  |b Medzinárodný workshop 
260 |a Žilina :  |b Slovenské centrum produktivity,  |c 2010 
996 |b 284M078370  |c M*CD-1633  |l MMKN  |s A  |a 24  |w stu207255_0001